Languages by Combined Flags - Statistics

General Stats
  • This quiz has been taken 99,518 times
  • The average score is 12 of 16
Answer Stats
Picture Answer % Correct
English
99%
French
99%
German
99%
Spanish
99%
Portuguese
98%
Italian
97%
Russian
95%
Chinese (Mandarin and Cantonese)
93%
Swedish
92%
Serbo-Croatian
82%
Dutch
70%
Swahili
52%
Afrikaans
50%
Catalan
48%
Korean
45%
Tigrinya
11%
No matching quizzes found
Score Distribution
Percent of People with Each Score
Percentile by Number Answered
Your Score History
You have not taken this quiz